Statistics for Nantes Best Scorer By Year

Click here to take the quiz!

General Stats

  • This quiz has been taken 83 times
    (25 since last reset)
  • The average score is 7 of 36

Answer Stats

Player% Correct
Ludovic Blas
86%
Randal Kolo Muani
86%
Emiliano Sala
71%
Mostafa Mohamed
71%
Japhet N'Doram
48%
Filip Đorđević
38%
Jacky Simon
38%
Moses Simon
38%
Patrice Loko
38%
Jordan Veretout
29%
Marama Vahirua
29%
Nicolas Ouédec
29%
Viorel Moldovan
29%
Olivier Monterrubio
19%
Vahid Halilhodžić
19%
José Touré
10%
Bernard Blanchet
5%
Bruno Baronchelli
5%
Dimitri Payet
5%
Mamadou Bagayoko
5%
Mamadou Diallo
5%
Ángel Marcos
0%
Antoine Sibierski
0%
Christophe Robert
0%
Claudiu Keșerü
0%
Eric Pécout
0%
Francis Magny
0%
Gilles Rampillion
0%
Hugo Curioni
0%
Jocelyn Gourvennec
0%
Mo Johnston
0%
Omar Sahnoun
0%
Oscar Trossero
0%
Philippe Anziani
0%
Philippe Gondet
0%
Thierno Youm
0%

Score Distribution

Percentile by Number Answered

Percent of People with Each Score

Your Score History

You have not taken this quiz since the last reset